000 00479nam a2200181Ia 4500
005 20250326130028.0
008 250326s9999 xx 000 0 und d
037 _aTextbook
040 _aFMSL
_beng
_cFMSL
041 _aeng
_2eng
084 _aX:89ZB N8
_qFMSL
100 _aBernstein L
245 0 _aManagement development
_cBernstein L
260 _aLondon
_bLondon, Business
_c1968
300 _a188p
942 _cTB
_hX:89ZB N8
999 _c1280621
_d1280621